Arohana (Record no. 213113)
[ view plain ]
| 000 -LEADER | |
|---|---|
| fixed length control field | 00898nam a2200229Ia 4500 |
| 003 - CONTROL NUMBER IDENTIFIER | |
| control field | OSt |
| 005 - DATE AND TIME OF LATEST TRANSACTION | |
| control field | 20241104103439.0 |
| 008 - FIXED-LENGTH DATA ELEMENTS--GENERAL INFORMATION | |
| fixed length control field | 210719s1978 xx 000 0 und d |
| 040 ## - CATALOGING SOURCE | |
| Transcribing agency | AL |
| 041 ## - LANGUAGE CODE | |
| Language code of text/sound track or separate title | Kannada |
| 082 ## - DEWEY DECIMAL CLASSIFICATION NUMBER | |
| Classification number | 294.56K PRAA |
| 100 ## - MAIN ENTRY--PERSONAL NAME | |
| Personal name | PRABHAKAR (S) & VAJRAKUMAR (N) |
| Dates associated with a name | ಪ್ರಭಾಕರ್ (ಎಸ್) ವಜ್ರಕುಮಾರ್ (ಎನ್) |
| 9 (RLIN) | 168462 |
| 245 ## - TITLE STATEMENT | |
| Title | Arohana |
| Remainder of title | ಆರೋಹಣ |
| 260 ## - PUBLICATION, DISTRIBUTION, ETC. | |
| Place of publication, distribution, etc. | Dharmasthala. |
| Name of publisher, distributor, etc. | Pattabhisheka Dashamanotsava Samiti., |
| Date of publication, distribution, etc. | 1978 |
| 300 ## - PHYSICAL DESCRIPTION | |
| Extent | - |
| Other physical details | PB |
| 365 ## - TRADE PRICE | |
| Currency code | Rs |
| 520 ## - SUMMARY, ETC. | |
| Summary, etc. | ಶ್ರೀ ಧರ್ಮಸ್ಥಳ ವೀರೇಂದ್ರ ಹೆಗ್ಗಡೆ (Veerendra Heggade) ಯವರ ಪಟ್ಟಾಭಿಷೇಕ ದಶಮಾನೋತ್ಸವ ಅಭಿನಂದನ ಗ್ರಂಥ 24 October 1978. |
| 650 ## - SUBJECT ADDED ENTRY--TOPICAL TERM | |
| Topical term or geographic name entry element | Hinduism |
| 9 (RLIN) | 168463 |
| 650 ## - SUBJECT ADDED ENTRY--TOPICAL TERM | |
| Topical term or geographic name entry element | Felicitation Volume |
| 9 (RLIN) | 183928 |
| 906 ## - LOCAL DATA ELEMENT F, LDF (RLIN) | |
| a | Arohana |
| 942 ## - ADDED ENTRY ELEMENTS (KOHA) | |
| Source of classification or shelving scheme | Dewey Decimal Classification |
| Koha item type | Book |
| Withdrawn status | Lost status | Source of classification or shelving scheme | Damaged status | Not for loan | Home library | Current library | Date acquired | Total Checkouts | Full call number | Barcode | Date last seen | Price effective from | Koha item type |
|---|---|---|---|---|---|---|---|---|---|---|---|---|---|
| Dewey Decimal Classification | Restricted Book | St Aloysius Library | St Aloysius Library | 06/03/1996 | 294.56K PRAA | D01212 | 07/19/2021 | 07/19/2021 | Donated Books |